000
00328nam a22001337a 4500
008
260403b ||||| |||| 00| 0 eng d
020
_a
9789951623001
041
_a
eng
080
_a
351.74
100
_a
23
101
_a
Menaxhim
245
_a
Sistemi i Menaxhimit të Krizave
_c
Bejtush Gashi, Xhelal Jusufi
942
_2
udc
_c
BK
999
_c
60961
_d
60961